000 00292nam a2200133Ia 4500
008 260604s9999 xx 000 0 und d
020 _a9780674297579
082 _a944 TU
100 _aTU, HANG
_935200
245 0 _aSENTIMENTAL REPUBLIC
260 _bHBR
500 _aRepublic
942 _cBK
999 _c7962
_d7962